| 000 | 00570nam a2200181Ia 4500 | ||
|---|---|---|---|
| 003 | GCL | ||
| 008 | 140319s9999 xx 000 0 ara d | ||
| 040 |
_aGCL / _cGCL |
||
| 082 | 0 | 4 |
_a863.03 _bث ع |
| 100 | 1 | _aثيلا، كاميلوخوسيه | |
| 245 | 1 | 0 |
_aعائلة باسكوال دوارتى / _cثيلا، كاميلوخوسيه |
| 300 | _a170 ص | ||
| 490 |
_aروايات الهلال _v0 |
||
| 650 | 0 | 4 | _aالادب الاسبانى |
| 650 | 0 | 4 | _aالقصص الاسبانية المترجمة |
| 650 | 0 | 4 | _aالقصة الاسبانية |
| 942 |
_2ddc _cBK |
||
| 999 |
_c49669 _d49669 |
||